00540nam a2200169Ia 4500003000900000008004100009040001300050040001300063041000800076100001900084245004000103300000800143490000600151942000700157999001700164952018900181IT-RoPAU120407s9999 xx 000 0 und d aIT-RoPAU cIT-RoPAU aita aGuido Calogero aSaggi di etica e teoria del diritto c cm v1 cBK c18306d18306 00102ddc4063_400000000000000_2871aPAULUSbPAULUSd2012-04-11l0o3.4.28r2012-04-11 00:00:00w2012-04-11yBKzInserito da: Anna In data: 13 ottobre 2011 fondo: Fanella Progr:31617